000
00275nam a22001097a 4500
008
170120b xxu||||| |||| 00| 0 eng d
020
_a
9781584803416
041
_a
eng
080
_a
618.2
245
_a
FIRST AID/ CPR/AED FOR THE WORKPLACE
_c
AMERICAN RED CROSS
942
_2
udc
_c
BK
999
_c
3231
_d
3231